000 00489nam a2200193 a 4500
001 1766310660301
003 YourLibrary
005 20251222104447.0
008 251221s2010##################000#0#eng##
020 _a9780826434043
082 0 4 _a263.04241
_bSTA
100 1 _aStanford, Peter,
_eauthor.
245 1 0 _aExtra Mile :
260 _bBloomsbury Publishing,
_c2010.
300 _a219 pages
650 0 _aReligion.
942 _cENGLISH
040 _aYourLibrary
_beng
_cYourLibrary
999 _c603531
_d603531